Statystyki dla Historyczne stolice Szwajcarii

Kliknij tutaj aby rozwiązać quiz!

Ogólne statystyki

  • Ten quiz został rozwiązany 46 razy
  • Średni wynik to 4 z 10

Statystyki odpowiedzi

PanstwoStolice% Poprawnych
Stara konfederacja SzwajcarskaBern
100%
SzwajcariaBern
100%
Stara konfederacja SzwajcarskaZürich
61%
Stara konfederacja SzwajcarskaBasel
39%
Stara konfederacja SzwajcarskaLuzern
22%
Stara konfederacja SzwajcarskaAltdorf, Schwyz
11%
Stara konfederacja SzwajcarskaAppenzel
6%
Stara konfederacja SzwajcarskaFribourg
6%
Republika Helweckaaarau
3%
Stara konfederacja SzwajcarskaGlarus, Zug
3%

Rozkład punktacji

Percentyl według liczby udzielonych odpowiedzi

Procent ludzi z każdym wynikiem

Twoja historia wyników

Nie rozwiązałeś tego quizu